[Event "Contrecoeur-B"]
[Site "Contrecoeur"]
[Date "2018.11.04"]
[Round "4.2"]
[White "Demers, Alexis"]
[Black "Simard, Francis"]
[Result "1/2-1/2"]
[WhiteElo "1745"]
[BlackElo "1890"]
[PlyCount "52"]
[EventDate "2018.11.02"]
[EventType "swiss"]
[EventRounds "5"]
[EventCountry "CAN"]
[SourceTitle "EXT 2022"]
[Source "ChessBase"]
[SourceDate "2021.10.06"]
[SourceVersion "1"]
[SourceVersionDate "2021.10.06"]
[SourceQuality "1"]

1. d4 d5 2. c4 e6 3. Nf3 c5 4. e3 Nf6 5. Be2 Nc6 6. 0-0 Be7 7. b3 0-0 8. Bb2 b6 9. Nbd2 Bb7 10. Rc1 Rc8 11. Ne5 cxd4 12. Nxc6 Bxc6 13. exd4 dxc4 14. Nxc4 Nd5 15. Ne5 Bb7 16. Bf3 Ba6 17. Re1 Bb4 18. Nc6 Rxc6 19. Rxc6 Qd7 20. Rc2 Bxe1 21. Qxe1 Rc8 22. Rxc8+ Bxc8 23. h3 f6 24. Qc1 Bb7 25. Ba3 Ne7 26. Bxb7 Qxb7 1/2-1/2

[Event "Contrecoeur-B"]
[Site "Contrecoeur"]
[Date "2018.11.03"]
[Round "3.1"]
[White "Simard, Francis"]
[Black "Mathieu, Guillaume"]
[Result "1/2-1/2"]
[WhiteElo "1890"]
[BlackElo "1907"]
[PlyCount "73"]
[EventDate "2018.11.02"]
[EventType "swiss"]
[EventRounds "5"]
[EventCountry "CAN"]
[SourceTitle "EXT 2022"]
[Source "ChessBase"]
[SourceDate "2021.10.06"]
[SourceVersion "1"]
[SourceVersionDate "2021.10.06"]
[SourceQuality "1"]

1. Nf3 Nf6 2. c4 e6 3. g3 d5 4. d4 Bb4+ 5. Bd2 Be7 6. Nc3 0-0 7. cxd5 exd5 8. Bg2 c6 9. 0-0 Bf5 10. Qb3 Qb6 11. Qxb6 axb6 12. Rfe1 Nbd7 13. Nh4 Bg6 14. Nxg6 hxg6 15. Bg5 Rfe8 16. Bh3 Nf8 17. a3 Ne4 18. Bxe7 Rxe7 19. Rac1 Nxc3 20. Rxc3 Rae8 21. e3 f5 22. Rd1 Ne6 23. Rdd3 Kf7 24. f4 Nc7 25. Bg2 Ke6 26. Kf2 Kd6 27. b4 Nb5 28. Rb3 Ra8 29. Ke2 Kc7 30. Kd2 Nd6 31. Rdc3 Rae8 32. Bxd5 Nb5 33. Rc2 Nxd4 34. exd4 Re2+ 35. Kc1 Rxc2+ 36. Kxc2 cxd5 37. Rc3+ 1/2-1/2